La Formación del pensamiento económico de Marx de 1843 a la redacción de El Capital

সংরক্ষণ করুন:
গ্রন্থ-পঞ্জীর বিবরন
প্রধান লেখক: Mandel, Ernest
বিন্যাস: পাঠ‍্য
প্রকাশিত: México D.F: Siglo Veintiuno
সংস্করন:10
ট্যাগগুলো: ট্যাগ যুক্ত করুন
কোনো ট্যাগ নেই, প্রথমজন হিসাবে ট্যাগ করুন!

MARC

LEADER 00000 a a2200000 04500
001 25006
003
040
020 |a 968-23-0335-4  
090 |a 176900  
100 |a Mandel, Ernest  
245 |a La Formación del pensamiento económico de Marx de 1843 a la redacción de El Capital  
250 |a 10  
260 |a México D.F:   |b Siglo Veintiuno  
300 |a 260 p  
999 |c 10664  |d 10664